00418nam a22001337a 450000500170000002000260001703700080004324500200005126000310007127000980010230000310020049000170023150000360024820120105100238.0 a9788128627149c125.00 bPUB aEvil's nemesis  aMumbai bEuro Books c2010 aDani Corporat e Park, First Floor, 158, Vidyanagari Marg, Kalina, SantacruzbMumbaie400098 aunpages bill.c18cm(pbk)  aThe phantom  a3 in 1 (3 stories in one book)